ارشاد المقلدين : عند اختلاف المجتهدين

Bibliographic Details
Main Authors: شنقيطي، باب بن سيدي (Author), ابو عمر، الطيب بن عمر الحسين (Author)
Format: Book
Published: Bayrut : Dar Ibn Hazm , 1997
Subjects:

MARC

LEADER 00000cam a2200000 7i4500
001 0000036749
005 20220927093000.0
090 0 0 |a BP145   |b .S5266 1997 
100 0 |a شنقيطي، باب بن سيدي ,   |e author 
241 0 0 |a Irshad al-muqalliddin: `inda ikhtilaf al-mujtahidin 
245 1 0 |a ارشاد المقلدين :   |b عند اختلاف المجتهدين   |c للامام العلامة باب بن الشيخ سيدي الشنقيطي   |f دراسة وتحقيق الطيب بن عمر بن الحسين الجكني 
260 2 |a Bayrut :   |b Dar Ibn Hazm ,   |c 1997 
300 |a 304 p. ;   |c 25 cm. 
650 0 |a Islamic law   |x Interpretation and construction 
700 0 |a ابو عمر، الطيب بن عمر الحسين ,   |e author 
999 |a 1000080673   |b Book   |c OPEN SHELF (30 DAYS)   |e Gong Badak Campus